[Event "TUR-chT Clubs"]
[Site "Konya"]
[Date "2019.07.20"]
[Round "8.6"]
[White "Coban, Suleyman"]
[Black "Yatkin, Osman"]
[Result "1-0"]
[WhiteElo "1667"]
[BlackElo "1692"]
[PlyCount "47"]
[EventDate "2019.07.16"]
[EventType "team-swiss"]
[EventRounds "9"]
[EventCountry "TUR"]
[SourceTitle "CBM 191 Extra"]
[Source "ChessBase"]
[SourceDate "2019.09.30"]
[SourceVersion "1"]
[SourceVersionDate "2019.09.30"]
[SourceQuality "1"]
[WhiteTeam "Sungurlu Egitim Genclik"]
[BlackTeam "Mugla Mentese Merkez"]
[WhiteTeamCountry "TUR"]
[BlackTeamCountry "TUR"]

1. c4 e5 2. d3 b6 3. Nf3 Nc6 4. g3 Bb7 5. Bg2 Nd4 6. e3 Nxf3+ 7. Bxf3 Bxf3 8. Qxf3 Nf6 9. Nc3 Bb4 10. Bd2 0-0 11. 0-0 Qe7 12. Rad1 Rad8 13. e4 c6 14. Bg5 d5 15. cxd5 Bxc3 16. bxc3 Rd6 17. d4 exd4 18. Rfe1 Qb7 19. e5 Rxd5 20. Bxf6 gxf6 21. Qg4+ Kh8 22. exf6 Rg8 23. Re8 Rdg5 24. Qxg5 1-0